000 00404nam a2200181Ia 4500
008 151202s9999||||xx |||||||||||||| ||und||
082 _bPNVM-2704
100 _aROY M.N.
245 _aOUR DIFFERENCES.
260 _bSARASWATY LIBRARY.
260 _c0
300 _a0
600 _aROY M.N.
630 _aOUR DIFFERENCES.
700 _aROY M.N.
730 _aOUR DIFFERENCES.
942 _cBOOK
999 _c1268702
_d1268699